000 00215nam a2200097Ia 4500
008 230508s1990 xx 000 0 und d
041 _aeng
100 _aGROB BERNARD.
245 _aBASIC ELECTRONICS
260 _c1990
999 _c729380
_d729380